00942nam a22002657a 4500952012800000999001700128001000500145003001000150005001700160008004100177020001800218040004700236041000800283082001900291100003000310245010300340264004600443300001200489336002700501337003300528338002800561650003900589653004100628942000700669 001040708GENaFUSBCbFUSBCd2004-12-07l0oG 227.91 K948t p11757r2019-12-12 00:00:00t1w2016-01-26yBKB0C3IINV2023 c35190d351904617CO-MdFUSB20190202100542.0180419t1972 xxu||||| |||| 00| 0 eng d a0-8010-5318-8 aCO-MdFUSBbspacCO-MdFUSBdCO-MdFUSBCerda0 aeng04aG 227.91 K948t1 aKrutza, William J.eautor10aLiving that count b: a study guide to the book of James c/ William J. Krutza, Philip P. Di Cicco 4aGrand Rapids, MI., USA : bBaker,c©1972 a120 PAG 2rdacontentatextobtxt 2rdamediaasin mediaciónbn 2rdacarrieravolumenbnc 7aDiosxEnseñanza bíblica29323 aBiblia N.T. - Santiago - Enseñanza cBK